000 01296nam a2200349 c 4500
999 _c341594
_d341594
003 BLK
005 20240710005502.0
008 180911b bul|||||r ||||||| ||bul||
010 _a001224
040 _aBLK
041 _aBUL
_cBUL
080 _z886.7-34
100 1 _aКаралийчев, Ангел Иванов
_d1902-1972
_976702
245 0 0 _aДядовата броеница
_bНародни приказки
246 _a
260 _aСофия
_bТ. Ф. Чипев
_c1932
_fГладстон
300 _a136 с
_bс ил.
_c18 см
380 _a82
490 _aЧастна колекция - Академик Михаил Арнаудов
_gДарение - Основен фонд
500 _aАвтограф с текст: На г-жа и г-н Арнаудов сърдечен спомен от А. Каралийчев София 12. I. 1932
650 _aДетска
_9396727
650 _aлегенди
_9397057
653 _aепос
653 _aнародни приказки
655 _aбългарска литература
_9396199
700 1 _a Ил. от Маша Живкова Узунова
_9397058
852 _aМА 513
_bМА
942 _cKNG
_n0
_s1
944 _aCR
_c1995
_k
_lCRON CRON
999 _d341594
999 _d341594